Shortest Non-Name Type-ins: Official Languages - Statistics

General Stats
  • This quiz has been taken 5 times
  • The average score is 47 of 65
Answer Stats
Language Length # Answer % Correct
Afrikaans 8 6 afracans | afrakans | afrecans | afrekans | africans | afrikans
100%
Aymara 6 1 aimara
100%
Albanian 8 1 albanien
100%
Amharic 7 5 amharac | amharec | amherac | amherec | amheric
100%
Azerbaijani 5 2 azari | azeri
100%
Belarusian 9 24 belarusan | belarusen | belarusin | belerusan | belerusen | belerusin | belirusan | belirusen | belirusin | belorusan | belorusen | belorusin | bylarusan | bylarusen | bylarusin | bylerusan | bylerusen | bylerusin | bylirusan | bylirusen | bylirusin | bylorusan | bylorusen | bylorusin
100%
Catalan 7 3 catelan | catilan | catolan
100%
Danish 5 1 dansk
100%
Dzongkha 6 1 dzonka
100%
Estonian 8 1 estonien
100%
Persian 5 1 farsi
100%
Tajik 5 1 farsi
100%
Georgian 8 1 georgien
100%
German 6 1 germen
100%
Guaraní 7 1 guarany
100%
Hiri Motu 4 1 hiri
100%
Kazakh 5 2 kazak | qazaq
100%
Kyrgyz 6 7 kirgiz | kirgyz | kyrgiz | qirgiz | qirgyz | qyrgiz | qyrgyz
100%
Latvian 7 1 latvien
100%
Lithuanian 10 1 lithuanien
100%
Luxembourgish 12 3 luxembergish | luxemborgish | luxemburgish
100%
Macedonian 10 1 macedonien
100%
Mongolian 9 1 mongolien
100%
Northern Ndebele 7 1 ndebele
100%
Southern Ndebele 7 2 ndebele | nrebele
100%
Portuguese 9 10 portagese | portaguse | portegese | porteguse | portigese | porteguse | portogese | portoguse | portugese | portuguse
100%
Russian 7 1 russien
100%
Swedish 7 1 svenska
100%
Swahili 7 1 swaheli
100%
Filipino 7 4 tagalog | tagelog | tagilog | tagolog
100%
Tamil 5 1 tamel
100%
Armenian 8 1 armenien
50%
Palauan 5 4 balan | balun | palan | palun
50%
Bambara 6 1 bamana
50%
Bengali 6 1 bangla
50%
Bulgarian 9 1 bulgarien
50%
Maldivian 6 1 divehi
50%
Marshallese 4 1 ebon
50%
Fiji Hindi 8 1 fijibaat
50%
Haitian Creole 11 1 haiticreole
50%
Italian 7 1 italien
50%
Gilbertese 10 1 kiribatese
50%
Seychellois Creole 5 1 kreol
50%
Sámi 4 1 lapp
50%
Hungarian 6 1 magyar
50%
Malagasy 8 3 malegasy | maligasy | malogasy
50%
Malay 5 1 maley
50%
Mauritian Creole 8 2 morisien | morisyen
50%
Pashto 6 3 paskto | pushto | puskto
50%
Northern Sotho 4 1 pedi
50%
Romansh 7 5 romonsh | romunsh | rumansh | rumonsh | rumunsh
50%
Kirundi 5 1 rundi
50%
Kinyarwanda 6 1 rwanda
50%
Montenegrin 7 1 serbian
50%
Samoan 6 1 somoan
50%
Tsonga 5 1 songa
50%
Swazi 5 1 swati
50%
Māori 5 1 tereo
50%
Tetum 5 1 tetun
50%
Tigrinya 6 26 tigraa | tigrba | tigrca | tigrda | tigrea | tigrfa | tigrga | tigrha | tigria | tigrja | tigrka | tigrla | tigrma | tigrna | tigroa | tigrpa | tigrqa | tigrra | tigrsa | tigrta | tigrua | tigrva | tigrwa | tigrxa | tigrya | tigrza
50%
Ukrainian 8 2 ukranian | ukranien
50%
Vietnamese 10 2 vietnemese | vietnimese
50%
Berber 6 1 amazig
0%
Norwegian 6 1 bokmal
0%
Romanian 8 1 rumanian
0%
No matching quizzes found
Score Distribution
Percent of People with Each Score
Percentile by Number Answered
Your Score History
You have not taken this quiz